Trouvez ces personnages de film d'animation grâce aux indice - Statistiques

Statistiques générales
  • Ce quiz a été pris 314 fois
  • Le résultat moyen est 44 sur 125
Statistiques - réponses
Indices Réponses % Correct
Elle a des cheveux très longs Raiponce
81%
Elle est très gentille Cendrillon
78%
Elle est la plus jolie de son royaume Blanche Neige
73%
Elle dort Aurore
72%
Il ne veut pas grandir Peter Pan
71%
Elle adore lire Belle
69%
Elle se fait passer pour un homme Mulan
69%
Il retire l'épée Arthur
68%
Elle n'a pas confiance en elle Anna
67%
Il trouve une lampe Aladdin
66%
Il vole vers l'infini et au delà Buzz l'éclair
66%
C'est un méchant capitaine Crochet
66%
Razowski ... Bob
64%
Il n'a pas les mêmes nageoires Nemo
64%
Elle vit sur une île Vaiana
64%
Il lui en faut peu pour être heureux Baloo
63%
Dumbledore version Disney Merlin
63%
Il a été recueilli par des loups Mowgli
62%
Elle aime les fourrures Cruella
60%
Elle perd la mémoire Dory
60%
Il a un ami pégase Hercule
60%
Il aime son marais Shrek
60%
Il ne peux pas mentir Pinocchio
59%
Petite hawaïenne Lilo
58%
Petit robot Wall E
56%
Il a de grandes oreilles Dumbo
55%
Un autre renard Rox
55%
Elle vit dans la nature Pocahontas
54%
Il exauce des souhaits Génie
53%
Il se rit du danger Simba
53%
Il aime beaucoup ses jouets Andy
51%
Elle est russe Anastasia
50%
Il aime l'été Olaf
50%
Mi homme mi singe Tarzan
50%
Elle est travailleuse Tiana
50%
Il a un serpent dans sa botte Woody
50%
Une cowgirl énergique Jessie
49%
Un chaton blanc Marie
48%
Il a tué son frère Scar
48%
Elle s'enfuit Elsa
47%
C'est une princesse verte Fiona
47%
Elle est rêveuse Alice
45%
Il cuisine bien Rémy
45%
C'est un chien errant Clochard
44%
Elle veut devenir policère Judy
43%
Un squelette mélancolique Jack
42%
Il est en retard Lapin
42%
Il croit qu'il a des pouvoirs Volt
42%
Elle fait du cheval Mérida
40%
C'est un chasseur Rouky
40%
Elle peut être invisible Violet
38%
Un chaton noir Berlioz
37%
Il a cherché son fils Marin
37%
Elle bug Vanellope
37%
Elle n'a pas peur des monstres Boo
36%
Mes parents se sont transformés en cochon Chihiro
36%
Un chaton roux Toulouse
36%
Il a une voix spéciale Stitch
35%
Une petite blonde colérique Clochette
34%
Elle est très souple Elastigirl
33%
Elle a des longs cheveux bruns Jasmine
33%
Un chaton dans les rues Oliver
33%
C'est le roi de la casse Ralph
33%
Mon père est le roi de la forêt Bambi
32%
Il court très vite Flèche
31%
Elle aime un roi Nala
31%
Sa famille creuse des tunnels Timon
31%
Elle aura 4 chiots Lady
30%
Encore un renard Nick
30%
Je tape beaucoup de la patte Pan pan
30%
Il est poilu Bête
28%
Ces biceps ne sont pas en papier Gaston
28%
Il a beaucoup de tatouage Maui
28%
Il pète Pumba
28%
On entre dans sa tête Riley
28%
Un chat de goutière Thomas
28%
Elle a des cornes Maléfique
27%
Nous faisons partis de SOS société Bernard et Bianca
26%
Elle raconte des histoires enchantées Wendy
26%
C'est un petit ours mignon Koda
25%
Il croit qu'il est le dernier de son espèce Manny
25%
Elle livre en balais Kiki
24%
Un dragon mignon Krokmou
23%
Elle ne veut pas l'avouer Megara
23%
Il est père d'une famille de super héros Monsieur Indestructible
23%
Il parle beaucoup trop L'âne
21%
Un chat sournois Lucifer
21%
Il adore la musique Miguel
21%
Un dragon qui a de l'humour Mushu
21%
Je suis une fille très petite vivant sous une maison Arrietty
20%
Il aime faire la fête Lumière
20%
La fée de l'eau Ondine
20%
La princesse des loups Princesse Mononoké
19%
Il sent la fraise Lotso
18%
Il croasse Naveen
18%
La fille de celui qui se rit du danger Kiara
17%
Il hurle Sulli
16%
Je suis gros et tout doux Totoro
16%
Elle a de beaux yeux Esmeralda
15%
Elle aime dessiner Jane
15%
Une fille poisson Ponyo
15%
Un bus qui miaule Chat bus
14%
Un chien qui parle Doug
14%
Il est fou Le chapelier fou
14%
C'est une fourmi Tilt
14%
Il est vert et grand Arlo
13%
C'est un robot blanc B Max
13%
Va comme le vent ... Pile poil
13%
C'est un super vilain Gru
10%
Il a oublié son vrai prénom Haku
10%
Un blondinet John
10%
Il n'a pas le droit de sortir Quasimodo
10%
Il n'aime pas son animal totem Kinai
9%
Elle suit les souris Coraline
8%
Je dors beaucoup Fleur
8%
Ses acolytes Les minions
6%
Il est petit et vert Pascal
6%
Une chatte noire Mitaine
5%
Elle adore les animaux Noa
5%
C'est une actrice Penny
5%
Elle aime la danse Felicie
4%
Un chien un peu foufou Dante
3%
Il a de grandes dents Drac
3%
Il n'écoute pas ses parents Scamp
3%
Un renard Grand coquin
2%
Aucun quiz correspondant
Distribution des résultats
% des personnes avec chaque résultat
Percentile par nombre de réponses
Votre historique - résultats
Vous n’avez pas pris ce quiz